[Event "SVR-ch Seniors"]
[Site "Heimbach Weis"]
[Date "2017.04.13"]
[Round "4"]
[White "Senger, Alexander"]
[Black "Kircher, Werner"]
[Result "1/2-1/2"]
[WhiteElo "1665"]
[BlackElo "1948"]
[PlyCount "43"]
[EventDate "2017.04.07"]
[EventType "swiss"]
[EventRounds "7"]
[EventCountry "GER"]
[SourceTitle "EXT 2020"]
[Source "ChessBase"]
[SourceDate "2019.10.17"]
[SourceVersion "1"]
[SourceVersionDate "2019.10.17"]
[SourceQuality "1"]

1. e4 e6 2. d4 d5 3. e5 c5 4. c3 Nc6 5. Bb5 Bd7 6. Bxc6 Bxc6 7. a4 Qb6 8. Nf3 Qa6 9. dxc5 Qc4 10. b4 a5 11. Bd2 d4 12. b5 Be4 13. cxd4 Rd8 14. Be3 Bxc5 15. Nbd2 Bb4 16. Rc1 Qd3 17. Rc7 Nh6 18. Bxh6 gxh6 19. Qe2 Qb1+ 20. Qd1 Qd3 21. Qe2 Qb1+ 22. Qd1 1/2-1/2

[Event "SVR-ch Seniors"]
[Site "Heimbach Weis"]
[Date "2017.04.08"]
[Round "3"]
[White "Kircher, Werner"]
[Black "Baumann, Bettina"]
[Result "1/2-1/2"]
[WhiteElo "1948"]
[BlackElo "1639"]
[PlyCount "42"]
[EventDate "2017.04.07"]
[EventType "swiss"]
[EventRounds "7"]
[EventCountry "GER"]
[SourceTitle "EXT 2020"]
[Source "ChessBase"]
[SourceDate "2019.10.17"]
[SourceVersion "1"]
[SourceVersionDate "2019.10.17"]
[SourceQuality "1"]

1. d4 d5 2. c4 e6 3. Nc3 Nf6 4. Nf3 Be7 5. Bg5 0-0 6. e3 Nbd7 7. Bd3 c5 8. 0-0 dxc4 9. Bxc4 cxd4 10. exd4 Nb6 11. Bb3 Bd7 12. Ne5 Rc8 13. Qf3 Bc6 14. Nxc6 Rxc6 15. Rad1 Nfd5 16. Bxe7 Nxe7 17. Rfe1 a6 18. Qe4 Nbd5 19. Bc2 Nf6 20. Qh4 Ng6 21. Qg3 Qd6 1/2-1/2

[Event "Seefeld op 18th"]
[Site "Seefeld"]
[Date "2007.09.04"]
[Round "4"]
[White "Kircher, Werner"]
[Black "Babinetz, Rainer"]
[Result "0-1"]
[WhiteElo "1944"]
[BlackElo "2139"]
[PlyCount "70"]
[EventDate "2007.09.01"]
[EventType "swiss"]
[EventRounds "9"]
[EventCountry "AUT"]
[SourceTitle "EXT 2009"]
[Source "ChessBase"]
[SourceDate "2008.11.26"]
[SourceVersion "1"]
[SourceVersionDate "2008.11.26"]
[SourceQuality "1"]

1. d4 d5 2. c4 e5 3. dxe5 d4 4. Nf3 Nc6 5. g3 Be6 6. Nbd2 Qd7 7. Bg2 0-0-0 8. 0-0 Nge7 9. a3 Ng6 10. b4 Ncxe5 11. Bb2 h5 12. h4 Be7 13. Bxd4 Nc6 14. Be3 Bh3 15. Qa4 Bxg2 16. Kxg2 Nxh4+ 17. Nxh4 Bxh4 18. b5 Nb8 19. Nf3 Bf6 20. Rad1 Qg4 21. Rxd8+ Rxd8 22. Qxa7 h4 23. Qc5 hxg3 24. fxg3 Qe4 25. Bf4 Qxe2+ 26. Rf2 Qe7 27. Qf5+ Qd7 28. Qxd7+ Nxd7 29. Rd2 Re8 30. Kf2 Nc5 31. Rc2 g5 32. Bc1 Nd3+ 33. Kf1 g4 34. Bg5 gxf3 35. Bxf6 Re1# 0-1

[Event "Seefeld op 18th"]
[Site "Seefeld"]
[Date "2007.09.02"]
[Round "2"]
[White "Kircher, Werner"]
[Black "Rampler, Evelyn"]
[Result "1/2-1/2"]
[WhiteElo "1944"]
[BlackElo "1588"]
[PlyCount "41"]
[EventDate "2007.09.01"]
[EventType "swiss"]
[EventRounds "9"]
[EventCountry "AUT"]
[SourceTitle "EXT 2009"]
[Source "ChessBase"]
[SourceDate "2008.11.26"]
[SourceVersion "1"]
[SourceVersionDate "2008.11.26"]
[SourceQuality "1"]

1. d4 Nf6 2. c4 c5 3. d5 b5 4. cxb5 a6 5. Nc3 axb5 6. Nxb5 Qa5+ 7. Nc3 Ba6 8. g3 Ne4 9. Qc2 Nxc3 10. bxc3 Bc4 11. e4 Bxf1 12. Kxf1 g6 13. Kg2 Bg7 14. Ne2 d6 15. Bb2 c4 16. Nd4 0-0 17. Rhb1 Rc8 18. Bc1 Rc7 19. Be3 Nd7 20. Rb5 Qa6 21. a4 1/2-1/2

[Event "Seefeld op 18th"]
[Site "Seefeld"]
[Date "2007.09.01"]
[Round "1"]
[White "Wanderer, Thomas"]
[Black "Kircher, Werner"]
[Result "1-0"]
[WhiteElo "2215"]
[BlackElo "1944"]
[PlyCount "65"]
[EventDate "2007.09.01"]
[EventType "swiss"]
[EventRounds "9"]
[EventCountry "AUT"]
[SourceTitle "EXT 2009"]
[Source "ChessBase"]
[SourceDate "2008.11.26"]
[SourceVersion "1"]
[SourceVersionDate "2008.11.26"]
[SourceQuality "1"]

1. e4 e6 2. d3 d5 3. Nd2 Nf6 4. Ngf3 Be7 5. g3 c5 6. Bg2 Nc6 7. 0-0 0-0 8. Re1 dxe4 9. dxe4 e5 10. c3 h6 11. Qc2 Be6 12. Nf1 Qc7 13. Ne3 Rfd8 14. Nh4 Bf8 15. Qe2 a6 16. Qf3 b5 17. Nhf5 Ne7 18. Nxh6+ gxh6 19. Qxf6 Bg7 20. Qh4 Rab8 21. Ng4 Bxg4 22. Qxg4 Rb6 23. Be3 Rg6 24. Qh5 c4 25. Bh3 Rd3 26. Bf1 Rd8 27. a4 bxa4 28. Rxa4 Qb7 29. Bxc4 Qxb2 30. Rxa6 Qxc3 31. Rc1 Qxc4 32. Rxc4 Rxa6 33. Rc7 1-0

[Event "Seefeld op 17th"]
[Site "Seefeld"]
[Date "2006.09.23"]
[Round "1"]
[White "Kircher, Werner"]
[Black "Abraham, Helmut"]
[Result "1-0"]
[WhiteElo "2030"]
[BlackElo "1461"]
[PlyCount "57"]
[EventDate "2006.09.23"]
[EventType "swiss"]
[EventRounds "9"]
[EventCountry "AUT"]
[SourceTitle "EXT 2009"]
[Source "ChessBase"]
[SourceDate "2008.11.26"]
[SourceVersion "1"]
[SourceVersionDate "2008.11.26"]
[SourceQuality "1"]

1. c4 Nf6 2. d4 g6 3. Nc3 d5 4. cxd5 Nxd5 5. e4 Nxc3 6. bxc3 Bg7 7. Nf3 c5 8. Rb1 cxd4 9. cxd4 0-0 10. Be2 Bg4 11. Be3 b6 12. 0-0 Nc6 13. d5 Bxf3 14. Bxf3 Ne5 15. Be2 Rc8 16. Qa4 Qd7 17. Bb5 Qd6 18. h3 e6 19. f4 Nd7 20. Bxd7 Rc3 21. Rbe1 exd5 22. e5 Qe7 23. Bf2 Rd8 24. e6 f6 25. Qxa7 Ra3 26. Qxb6 Bf8 27. Rc1 Rxa2 28. Bc5 Qg7 29. Qxd8 1-0

[Event "Seefeld op 16th"]
[Site "Seefeld"]
[Date "2005.09.21"]
[Round "5"]
[White "Kreie, Guenther"]
[Black "Kircher, Werner"]
[Result "1/2-1/2"]
[WhiteElo "1968"]
[BlackElo "2092"]
[PlyCount "66"]
[EventDate "2005.09.17"]
[EventType "swiss"]
[EventRounds "9"]
[EventCountry "AUT"]
[SourceTitle "EXT 2007"]
[Source "ChessBase"]
[SourceDate "2006.11.23"]
[SourceVersion "1"]
[SourceVersionDate "2006.11.23"]
[SourceQuality "1"]

1. e4 e6 2. d4 d5 3. Nd2 c5 4. exd5 exd5 5. Ngf3 Nc6 6. Bb5 Bd6 7. 0-0 Nge7 8. dxc5 Bxc5 9. Nb3 Bd6 10. c3 0-0 11. Nbd4 Bg4 12. Qd3 Rc8 13. Ng5 Ng6 14. Bxc6 bxc6 15. f4 h6 16. Nh3 Qh4 17. Nf2 Bd7 18. g3 Qf6 19. Bd2 Rfe8 20. Rae1 c5 21. Nf3 Bc6 22. Ng4 Qd8 23. Nfe5 Bxe5 24. Nxe5 Nxe5 25. Rxe5 Qd7 26. Rfe1 f6 27. Rxe8+ Rxe8 28. Rxe8+ Qxe8 29. Qe3 Qd7 30. Qxc5 d4 31. cxd4 Qe6 32. d5 Bxd5 33. Qd4 Bxa2 1/2-1/2

[Event "Seefeld op 14th"]
[Site "Seefeld"]
[Date "2003.09.20"]
[Round "8"]
[White "Rantner, Otto"]
[Black "Kircher, Werner"]
[Result "0-1"]
[WhiteElo "1804"]
[BlackElo "2099"]
[PlyCount "102"]
[EventDate "2003.09.13"]
[EventType "swiss"]
[EventRounds "9"]
[EventCountry "AUT"]
[SourceTitle "CBM 097 Extra"]
[Source "ChessBase"]
[SourceDate "2004.01.13"]
[SourceVersion "1"]
[SourceVersionDate "2004.01.13"]
[SourceQuality "1"]

1. d4 Nf6 2. c4 c5 3. d5 e6 4. Nc3 exd5 5. cxd5 d6 6. e4 g6 7. Bb5+ Bd7 8. Be2 Bg7 9. f4 0-0 10. Nf3 b5 11. e5 dxe5 12. fxe5 Ng4 13. e6 fxe6 14. dxe6 Bxe6 15. Qxd8 Rxd8 16. Nxb5 Re8 17. Nc7 Nc6 18. Nxe8 Rxe8 19. 0-0 Nd4 20. Bd1 Bc4 21. h3 Bxf1 22. hxg4 Bd3 23. Bd2 Nxf3+ 24. Bxf3 Bxb2 25. Bd5+ Kg7 26. Rd1 c4 27. Bb4 Re2 28. Rf1 Bd4+ 29. Kh1 Rf2 30. Rxf2 Bxf2 31. Bc3+ Kf8 32. g3 Bxg3 33. Kg2 Bc7 34. Kf3 Ke7 35. g5 Kd6 36. Bg8 Kc5 37. a4 Bh2 38. Ke3 Bg1+ 39. Kd2 Bd4 40. Ba5 Kd6 41. Bxh7 Ke5 42. Bc7+ Kf5 43. Bd8 Be4 44. Ba5 Kxg5 45. Bg8 Bd3 46. Bc7 Kh6 47. Bd5 g5 48. Bf3 Kg6 49. Bg4 Bf5 50. Be2 c3+ 51. Ke1 c2 0-1

[Event "Seefeld op 14th"]
[Site "Seefeld"]
[Date "2003.09.18"]
[Round "6"]
[White "Meier, Alexander"]
[Black "Kircher, Werner"]
[Result "1/2-1/2"]
[WhiteElo "1742"]
[BlackElo "2099"]
[PlyCount "36"]
[EventDate "2003.09.13"]
[EventType "swiss"]
[EventRounds "9"]
[EventCountry "AUT"]
[SourceTitle "CBM 097 Extra"]
[Source "ChessBase"]
[SourceDate "2004.01.13"]
[SourceVersion "1"]
[SourceVersionDate "2004.01.13"]
[SourceQuality "1"]

1. e4 e6 2. d4 d5 3. exd5 exd5 4. Bd3 Nc6 5. c3 Bd6 6. Nf3 Nge7 7. Bg5 f6 8. Bh4 Bg4 9. Nbd2 Qd7 10. Qc2 0-0-0 11. 0-0-0 Bf5 12. Rde1 Bxd3 13. Qxd3 Rde8 14. Bg3 a6 15. Bxd6 Qxd6 16. Nb3 Qf4+ 17. Kc2 Qf5 18. Nc5 Qxd3+ 1/2-1/2

[Event "Seefeld op 14th"]
[Site "Seefeld"]
[Date "2003.09.16"]
[Round "4"]
[White "Eperjesi, Laszlo"]
[Black "Kircher, Werner"]
[Result "1-0"]
[WhiteElo "2289"]
[BlackElo "2099"]
[PlyCount "41"]
[EventDate "2003.09.13"]
[EventType "swiss"]
[EventRounds "9"]
[EventCountry "AUT"]
[SourceTitle "CBM 097 Extra"]
[Source "ChessBase"]
[SourceDate "2004.01.13"]
[SourceVersion "1"]
[SourceVersionDate "2004.01.13"]
[SourceQuality "1"]

1. d4 Nf6 2. Nf3 c5 3. d5 e6 4. c4 exd5 5. cxd5 d6 6. Nc3 g6 7. e4 Bg7 8. Be2 0-0 9. 0-0 Na6 10. Bf4 Nc7 11. Nd2 a6 12. a4 Rb8 13. Nc4 Nfe8 14. a5 Nb5 15. Na4 Nd4 16. Nxc5 g5 17. Bg3 f5 18. exf5 Rxf5 19. Nb6 Qc7 20. Rc1 Qe7 21. Bg4 1-0

[Event "Seefeld op 13th"]
[Site "Seefeld"]
[Date "2002.09.22"]
[Round "9"]
[White "Kircher, Werner"]
[Black "Schwarz, Oliver"]
[Result "0-1"]
[WhiteElo "1847"]
[BlackElo "2025"]
[PlyCount "66"]
[EventDate "2002.09.14"]
[EventType "swiss"]
[EventRounds "9"]
[EventCountry "AUT"]
[SourceTitle "EXT 2007"]
[Source "ChessBase"]
[SourceDate "2006.11.23"]
[SourceVersion "1"]
[SourceVersionDate "2006.11.23"]
[SourceQuality "1"]

1. d4 d5 2. Nf3 Nf6 3. c4 e6 4. Nc3 Be7 5. Bg5 h6 6. Bxf6 Bxf6 7. e3 0-0 8. Bd3 dxc4 9. Bxc4 c5 10. 0-0 cxd4 11. exd4 Qc7 12. Bb3 Nc6 13. d5 Bxc3 14. bxc3 exd5 15. Bxd5 Bg4 16. Qa4 Bxf3 17. Bxf3 Ne5 18. Bd5 Rad8 19. c4 b6 20. Rfe1 Ng4 21. g3 Qc5 22. Rf1 Rd6 23. h3 Ne5 24. Qb3 b5 25. Qe3 Qxe3 26. fxe3 bxc4 27. e4 g6 28. Rac1 Rc8 29. Rc2 Rd7 30. Kg2 Kg7 31. Rb1 Rc5 32. Rb4 Rdc7 33. h4 Nd3 0-1

[Event "Seefeld op 12th"]
[Site "Seefeld"]
[Date "2001.09.16"]
[Round "2"]
[White "Balinov, Ilia"]
[Black "Kircher, Werner"]
[Result "1-0"]
[WhiteElo "2425"]
[BlackElo "2132"]
[PlyCount "39"]
[EventDate "2001.09.15"]
[EventType "swiss"]
[EventRounds "9"]
[EventCountry "AUT"]
[SourceTitle "EXT 2002"]
[Source "ChessBase"]
[SourceDate "2001.11.25"]
[SourceVersion "1"]
[SourceVersionDate "2001.11.25"]
[SourceQuality "1"]

1. e4 e6 2. Nf3 d5 3. Nc3 Nf6 4. e5 Nfd7 5. Ne2 c5 6. c3 Qb6 7. d4 Be7 8. g3 f6 9. Bh3 fxe5 10. dxe5 Nf8 11. Nf4 Bd7 12. 0-0 h5 13. Qc2 Kf7 14. Re1 Qc6 15. Bg2 Na6 16. c4 Nb4 17. Qd1 g5 18. cxd5 exd5 19. e6+ Bxe6 20. Ne5+ 1-0

[Event "Seefeld op 11th"]
[Site "Seefeld"]
[Date "2000.09.24"]
[Round "9"]
[White "Theuermeister, H."]
[Black "Kircher, Werner"]
[Result "1/2-1/2"]
[WhiteElo "1500"]
[BlackElo "2132"]
[PlyCount "20"]
[EventDate "2000.09.16"]
[EventType "swiss"]
[EventRounds "9"]
[EventCountry "AUT"]
[SourceTitle "EXT 2001"]
[Source "ChessBase"]
[SourceDate "2000.11.22"]
[SourceVersion "1"]
[SourceVersionDate "2000.11.22"]
[SourceQuality "1"]

1. d4 Nf6 2. Nf3 c5 3. e3 g6 4. Be2 Bg7 5. c4 0-0 6. Nc3 b6 7. 0-0 d6 8. Qc2 Na6 9. a3 Bb7 10. d5 Nc7 1/2-1/2

[Event "Seefeld op 10th"]
[Site "Seefeld"]
[Date "1999.09.17"]
[Round "7"]
[White "Kircher, Werner"]
[Black "Strasser, Josef"]
[Result "1/2-1/2"]
[WhiteElo "2135"]
[BlackElo "1739"]
[PlyCount "40"]
[EventDate "1999.09.11"]
[EventType "swiss"]
[EventRounds "9"]
[EventCountry "AUT"]
[SourceTitle "EXT 2001"]
[Source "ChessBase"]
[SourceDate "2000.11.22"]
[SourceVersion "1"]
[SourceVersionDate "2000.11.22"]
[SourceQuality "1"]

1. d4 d5 2. Nf3 Nf6 3. c4 c6 4. e3 Bf5 5. Nc3 e6 6. Be2 Nbd7 7. 0-0 Bd6 8. b3 0-0 9. Bb2 Qc7 10. h3 Ne4 11. Rc1 Ndf6 12. Nb1 Be7 13. Nbd2 Qd8 14. Ne5 Nxd2 15. Qxd2 Ne4 16. Qd1 Bh4 17. Nf3 Be7 18. Ne5 Bh4 19. Nf3 Be7 20. Ne5 Bh4 1/2-1/2

[Event "Seefeld op 10th"]
[Site "Seefeld"]
[Date "1999.09.15"]
[Round "5"]
[White "Kircher, Werner"]
[Black "Dieckmann, Daniel"]
[Result "1/2-1/2"]
[WhiteElo "2135"]
[BlackElo "1800"]
[PlyCount "26"]
[EventDate "1999.09.11"]
[EventType "swiss"]
[EventRounds "9"]
[EventCountry "AUT"]
[SourceTitle "EXT 2001"]
[Source "ChessBase"]
[SourceDate "2000.11.22"]
[SourceVersion "1"]
[SourceVersionDate "2000.11.22"]
[SourceQuality "1"]

1. d4 d5 2. Nf3 Nf6 3. c4 c6 4. e3 Bg4 5. Nc3 e6 6. Bd3 Be7 7. 0-0 0-0 8. h3 Bh5 9. a3 a5 10. Re1 Nbd7 11. b3 Qc7 12. Bb2 Rfd8 13. Rc1 Nb6 1/2-1/2

[Event "Seefeld op 10th"]
[Site "Seefeld"]
[Date "1999.09.14"]
[Round "4"]
[White "Hengstler, Georg"]
[Black "Kircher, Werner"]
[Result "1-0"]
[WhiteElo "1872"]
[BlackElo "2135"]
[PlyCount "45"]
[EventDate "1999.09.11"]
[EventType "swiss"]
[EventRounds "9"]
[EventCountry "AUT"]
[SourceTitle "EXT 2001"]
[Source "ChessBase"]
[SourceDate "2000.11.22"]
[SourceVersion "1"]
[SourceVersionDate "2000.11.22"]
[SourceQuality "1"]

1. e4 e6 2. d4 d5 3. Nc3 Bb4 4. Bd2 dxe4 5. Qg4 Qxd4 6. 0-0-0 h5 7. Qh4 Be7 8. Bg5 Qe5 9. Bxe7 Nxe7 10. Nxe4 Nbc6 11. Nf3 Qa5 12. Kb1 Ng6 13. Qg3 e5 14. Bc4 Bf5 15. Nfg5 Rf8 16. Qb3 f6 17. Qxb7 Rb8 18. Qxc6+ Ke7 19. Nf3 Rb4 20. Nc3 Nf4 21. Nd5+ Nxd5 22. Rxd5 Rxb2+ 23. Kxb2 1-0

[Event "Seefeld op 10th"]
[Site "Seefeld"]
[Date "1999.09.11"]
[Round "1"]
[White "Mangold, Stefan"]
[Black "Kircher, Werner"]
[Result "0-1"]
[WhiteElo "1580"]
[BlackElo "2135"]
[PlyCount "74"]
[EventDate "1999.09.11"]
[EventType "swiss"]
[EventRounds "9"]
[EventCountry "AUT"]
[SourceTitle "EXT 2001"]
[Source "ChessBase"]
[SourceDate "2000.11.22"]
[SourceVersion "1"]
[SourceVersionDate "2000.11.22"]
[SourceQuality "1"]

1. e4 e6 2. Nf3 d5 3. e5 c5 4. d4 cxd4 5. Nxd4 Nc6 6. Nxc6 bxc6 7. c3 f6 8. Be3 fxe5 9. Qh5+ g6 10. Qxe5 Nf6 11. Bg5 Bg7 12. Be2 0-0 13. Qe3 Qe8 14. Nd2 e5 15. 0-0 Bf5 16. h3 Qf7 17. g4 Bd7 18. f4 exf4 19. Rxf4 Rae8 20. Qf2 Qe7 21. Re1 Qe5 22. Bxf6 Bxf6 23. Kf1 Bg5 24. Rxf8+ Rxf8 25. Nf3 Qb8 26. Rb1 Bd8 27. Kg2 Bb6 28. Qg3 Bc7 29. Qh4 Qe8 30. Re1 Qe4 31. Qf2 Bb6 32. Qf1 Qc2 33. Kg3 Qxb2 34. Bd3 Bc7+ 35. Kh4 Qxc3 36. Be2 Qf6+ 37. g5 Qf4# 0-1

[Event "Seefeld op 08th"]
[Site "Seefeld"]
[Date "1997.??.??"]
[Round "?"]
[White "Kircher, Werner"]
[Black "Kleinsasser, Franz"]
[Result "1-0"]
[WhiteElo "1810"]
[BlackElo "2150"]
[PlyCount "57"]
[EventDate "1997.09.??"]
[EventType "swiss"]
[EventRounds "9"]
[EventCountry "AUT"]
[SourceTitle "EXT 2000"]
[Source "ChessBase"]
[SourceDate "1999.11.16"]
[SourceVersion "1"]
[SourceVersionDate "1999.11.16"]
[SourceQuality "1"]

1. d4 Nf6 2. c4 g6 3. Nc3 Bg7 4. e4 d6 5. Be2 0-0 6. Nf3 e5 7. 0-0 Nc6 8. d5 Ne7 9. Ne1 Ne8 10. Nd3 f5 11. f3 Nf6 12. Be3 f4 13. Bf2 g5 14. g4 h5 15. h3 Rf7 16. c5 Bf8 17. Kg2 Ng6 18. Rg1 hxg4 19. hxg4 Rh7 20. Rh1 Rxh1 21. Qxh1 Qd7 22. b4 Qe8 23. a4 Bd7 24. b5 c6 25. bxc6 bxc6 26. cxd6 Bxd6 27. Qh6 Bf8 28. Qxg5 cxd5 29. Qxf6 1-0

[Event "Seefeld op 08th"]
[Site "Seefeld"]
[Date "1997.??.??"]
[Round "?"]
[White "Kircher, Werner"]
[Black "Schmitzer, Peter"]
[Result "1/2-1/2"]
[WhiteElo "1810"]
[BlackElo "2135"]
[PlyCount "112"]
[EventDate "1997.09.??"]
[EventType "swiss"]
[EventRounds "9"]
[EventCountry "AUT"]
[SourceTitle "EXT 2000"]
[Source "ChessBase"]
[SourceDate "1999.11.16"]
[SourceVersion "1"]
[SourceVersionDate "1999.11.16"]
[SourceQuality "1"]

1. d4 Nf6 2. c4 g6 3. Nc3 Bg7 4. e4 d6 5. Be2 0-0 6. Nf3 Nc6 7. 0-0 e5 8. d5 Ne7 9. Ne1 Ne8 10. Nd3 f5 11. f3 Nf6 12. Be3 f4 13. Bf2 g5 14. g4 fxg3 15. hxg3 Ng6 16. c5 Nh5 17. Kg2 Ngf4+ 18. gxf4 gxf4 19. Rg1 Kh8 20. Kf1 Bh6 21. Ke1 Ng3 22. Kd2 c6 23. cxd6 cxd5 24. exd5 Qf6 25. Kc2 Bf5 26. Bxg3 fxg3 27. Rxg3 Qxd6 28. Qg1 Rac8 29. Kd1 a6 30. a4 Rxc3 31. bxc3 Qxd5 32. Qc5 Qxc5 33. Nxc5 Rd8+ 34. Ke1 Bf4 35. Rg4 Bd2+ 36. Kf1 Bxg4 37. fxg4 Rf8+ 38. Kg2 Bxc3 39. Rf1 Rxf1 40. Bxf1 b5 41. axb5 axb5 42. Bxb5 Kg7 43. Kf3 h5 44. g5 Bd2 45. Ne4 Bf4 46. Be8 Bxg5 47. Nxg5 Kf6 48. Ne4+ Ke6 49. Bxh5 Kf5 50. Bg4+ Kg6 51. Ke3 Kh6 52. Kd3 Kg6 53. Kc4 Kh6 54. Kd5 Kg6 55. Kxe5 Kg7 56. Ng5 Kg6 1/2-1/2